Problémy výuky a výzkumu na českých vysokých školách a jejich vliv na tvorbu lidského kapitálu
Faktory, ktoré determinujú súčasný stav ľudského kapiotálu v Českej republike. Vznik súkromných vysokých škôl a kvalita vzdelávania. Veda na vysokých školách.
Salvato in:
| Autore principale: | |
|---|---|
| Natura: | Capitolo di libro |
| Lingua: | ceco |
| Soggetti: | |
| Tags: |
Nessun Tag, puoi essere il primo ad aggiungerne!!
|
MARC
| LEADER | 00000naa$a2200000$$$4500 | ||
|---|---|---|---|
| 001 | 0091037 | ||
| 005 | 20231116065916.6 | ||
| 041 | 0 | |a cze | |
| 044 | |a CZ | ||
| 245 | 1 | 0 | |a Problémy výuky a výzkumu na českých vysokých školách a jejich vliv na tvorbu lidského kapitálu |c Eva Klvačová |
| 520 | |a Faktory, ktoré determinujú súčasný stav ľudského kapiotálu v Českej republike. Vznik súkromných vysokých škôl a kvalita vzdelávania. Veda na vysokých školách. | ||
| 610 | 2 | 0 | |a kapitál ľudský |
| 610 | 2 | 0 | |a výskum |
| 610 | 2 | 0 | |a vývoj |
| 610 | 2 | 0 | |a veda |
| 610 | 2 | 0 | |a školy vysoké |
| 610 | 2 | 0 | |a Česko |
| 610 | 2 | 0 | |a vzdelávanie vysokoškolské |
| 100 | 1 | |a Klvačová, Eva | |